00391nam a2200109Ia 4500008004100000020002200041100002500063245010400088260003400192300002800226650002700254201002s9999 xx 000 0 und d a978-971-980-936-4 aWani-Obias, Rhodalyn cRhodalyn Wani-Obias, Aaron Abel Mallari, Janet Reguindin-estellaaThe Life and works of Jose Rizal/ aManila:bC&E Publishingc2018 aviii, 181 pagesc22 cm. aRizal, Jose, 1861-1896